logo

Bir Sreshtho Munshi Abdur Rouf Library
Jhenaidah Cadet College

ইন্টারনেটে আত্মকর্মসংস্থান : (Record no. 10654)

MARC details
000 -LEADER
fixed length control field 00843nam a2200229 a 4500
001 - CONTROL NUMBER
JCCL Control Number 10654
003 - CONTROL NUMBER IDENTIFIER
JCCL marc code BD-JhCC
005 - DATE AND TIME OF LATEST TRANSACTION
control field 20200330134008.0
008 - FIXED-LENGTH DATA ELEMENTS--GENERAL INFORMATION
fixed length control field 180804s20172011bg a|||| |||| 000 0 ben d
020 ## - INTERNATIONAL STANDARD BOOK NUMBER
International Standard Book Number 9789848933057
035 ## - SYSTEM CONTROL NUMBER
system control number (BD-JhCC)14654
040 ## - CATALOGING SOURCE
Original cataloging agency BD-JhCC
Modifying agency BD-JhCC
041 ## - LANGUAGE CODE
Language code of Book ben
082 ## - DEWEY DECIMAL CLASSIFICATION NUMBER
Classification number 658.4058
Author mark and Year ROH 2017
100 ## - MAIN ENTRY--PERSONAL NAME
Personal name রহমান, মো: মিজানুর
245 ## - TITLE STATEMENT
Title ইন্টারনেটে আত্মকর্মসংস্থান :
Remainder of title ঘরে বসে টাকা আয় /
Statement of responsibility, etc মো: মিজানুর রহমান,
260 ## - PUBLICATION, DISTRIBUTION, ETC. (IMPRINT)
Place of publication, distribution, etc ঢাকা :
Name of publisher, distributor, etc জ্ঞানকোষ,
Date of publication, distribution, etc ২০১৭.
300 ## - PHYSICAL DESCRIPTION
Pagination ৬২৩ পৃ. :
Other physical details চিত্রবলী;
Dimensions ২৫ সেমি.
650 ## - SUBJECT ADDED ENTRY--TOPICAL TERM
Topical term or geographic name as entry element Information technology--Management
650 ## - SUBJECT ADDED ENTRY--TOPICAL TERM
Topical term or geographic name as entry element Outsourcing
942 ## - ADDED ENTRY ELEMENTS (KOHA)
Source of classification or shelving scheme Dewey Decimal Classification
Koha item type Books
Koha issues (borrowed), all copies 10
Holdings
Source of classification or shelving scheme volume number Damaged status Not for loan Home library Current library Shelving location Date of accession Cost, normal purchase price Total Checkouts Full call number Barcode Date last seen Date checked out Copy number Koha item type
Dewey Decimal Classification V-1     JCC Rouf Library JCC Rouf Library General Stacks 08/04/2018 480.00 6 658.4058 ROH 2017 14367 03/31/2020 03/29/2020 C-1 Books
Dewey Decimal Classification V-1     JCC Rouf Library JCC Rouf Library General Stacks 08/04/2018 480.00 6 658.4058 ROH 2017 14379 10/23/2023 10/16/2023 C-2 Books

JCC Library | Contacts | JCC Home

Last Update on 23 September 2017
Copyright @ 2017-2020 JCC Rouf Library
Rouf Library, Jhenidah Cadet College (JCC), Bangladesh